000 00541npc a2200205Ia 4500
001 ist260-47431
003 IT-MiCISF
008 161014s9999||||xx | und||
040 _aIT-MiCISF
_cIT-MiCISF
041 _ait
100 _aAA.VV.
245 0 _aEvoluzione e nuove tendenze dell'instabilità coniugale
250 _a1a ed.
260 _a Roma
_bIstat
_c2008
300 _app. 7
500 _aIstituto Nazionale di Statistica / divorzio, statistica /
650 _adivorzio
942 _cDD
957 _71
999 _a47431
_bsi
_g1
_c206203
_d206203